00485nam a2200193Ia 4500003000400000005001700004008004100021020001800062040000700080041000800087082002100095100002100116245006400137260003200201300001700233365001400250650001200264650001500276OSt20230408104822.0210423s2009 xx 000 0 und d a9781412964715 cAL aeng a070.1223b POTW aPOTTER (W James) aArguing for a general framework for mass media scholarship aUKbSage Publicationsc2009 axxii,394bPB b2122cINR aGeneral aMass Media